Samuel L. Jackson Movies Quiz Stats

 Plays Quiz Updated Dec 31, 2020

Support Sporcle.
Go Orange.
Score 0/124 Timer 10:00
1 Play Today
Year Movie Title % Correct
2012The Avengers
86.9%
1994Pulp Fiction
85.2%
2015Avengers: Age of Ultron
79.1%
2019Avengers: Endgame
78.9%
2014Captain America: The Winter Soldier
77.2%
2018Incredibles 2
75.9%
2006Snakes on a Plane
74.6%
2019Shaft
74.4%
2011Captain America: The First Avenger
73.4%
2019Captain Marvel
70.7%
2019Glass
68.6%
2012Django Unchained
62.6%
1999Star Wars: Episode I - The Phantom Menace
61.5%
2005Star Wars: Episode III - Revenge of the Sith
61.3%
2002Star Wars: Episode II - Attack of the Clones
60.8%
2015The Hateful Eight
58.6%
2019Spider-Man: Far from Home
57.6%
2000Shaft
48.4%
2019Star Wars: Episode IX - The Rise of Skywalker
45.1%
1997Jackie Brown
41.9%
1995Die Hard With A Vengeance
41.7%
2000Unbreakable
39.8%
2004The Incredibles
38.2%
1999Deep Blue Sea
37.1%
2010Iron Man 2
36.8%
2014Kingsman: The Secret Service
36.3%
2005Coach Carter
35.9%
2017xXx: Return of Xander Cage
35.7%
2021The Hitman's Wife's Bodyguard
35.3%
2007Black Snake Moan
35.3%
1993Jurassic Park
33.3%
2017The Hitman's Bodyguard
32.9%
2008Star Wars: The Clone Wars
31.7%
1998The Negotiator
27.4%
2017Kong: Skull Island
26.9%
2008Lakeview Terrace
26.7%
1990Goodfellas
25.9%
1996A Time to Kill
25.9%
2004Kill Bill Vol. 2
25.4%
1988Coming to America
23.2%
2003S.W.A.T.
22.9%
2002xXx
22.3%
Year Movie Title % Correct
1989Do the Right Thing
19.9%
2008Jumper
18.6%
2005xXx: State of the Union
18.3%
2001The 51st State
17.7%
1991Jungle Fever
17%
2014Robocop
16.8%
2016The Legend of Tarzan
16.3%
2013Turbo
16%
1996The Long Kiss Goodnight
15.6%
2005The Man
15.2%
2002Changing Lanes
15.1%
2010The Other Guys
14.8%
2021Spiral
14.4%
2015Big Game
13.8%
2003Basic
13.7%
2020The Banker
13.5%
2008The Spirit
13.1%
2000Rules of Engagement
12.7%
2016Miss Peregrine's Home for Peculiar Children
12.6%
1993True Romance
12%
2013Oldboy
11.8%
2015Chi-raq
11.7%
20071408
11.3%
1997187
11.3%
2016Cell
10.7%
1992Juice
10.6%
1993Loaded Weapon 1
10.6%
1998Sphere
10.6%
1996The Great White Hype
9.5%
1993Amos and Andrew
9.1%
2017Unicorn Store
9.1%
1990Mo' Better Blues
8.9%
1992Patriot Games
8.9%
1993Menace II Society
8.4%
2007Resurrecting the Champ
8.2%
2019The Last Full Measure
7.9%
2018Life Itself
7.8%
2001The Caveman's Valentine
7.5%
2012The Samaritan
7.3%
1999The Red Violin
7.3%
1988School Daze
7.2%
2014Kite
7.2%
Year Movie Title % Correct
2008Soul Men
7.1%
2014Reasonable Doubt
7.1%
2007Cleaner
7%
2006Freedomland
6.9%
2012Meeting Evil
6.8%
1997Eve's Bayou
6.7%
2015Barely Lethal
6.2%
2012Zambezia
6%
1994Fresh
5.3%
2004Twisted
5.3%
1995Kiss of Death
5.3%
1990The Exorcist III
5.2%
1996Sydney
5.1%
2009Astro Boy
5%
2010Unthinkable
4.9%
1995Losing Isaiah
4.8%
1989Sea of Love
4.6%
1981Ragtime
4.6%
2007Home of the Brave
4.5%
1995Fluke
4.1%
2002No Good Deed
3.8%
1996Trees Lounge
3.7%
2004In My Country
3.7%
1991Johnny Suede
3.5%
1972Together for Days
3.5%
1992White Sands
3.5%
1990Def By Temptation
3.4%
1991Strictly Business
3.3%
1994Hail Caesar
3.3%
1990Betsy's Wedding
3.2%
1990The Return of Superfly
3.2%
2011African Cats
3.1%
1987Magic Sticks
3%
1994The Search For One-eye Jimmy
3%
1992Fathers & Sons
2.9%
1992Jumpin' at the Boneyard
2.9%
1994The New Age
2.8%
1990A Shock to the System
2.6%
2009Mother and Child
2.5%
2008Gospel Hill
2.3%

From the Vault

Rhymes with 'Role'

by slipkid

We hope there doesn't come a time when rhyming is a crime.
Remove Ads.
Support Sporcle.
Get the best of Sporcle when you Go Orange. This ad-free experience offers more features, more stats, and more fun while also helping to support Sporcle. Thank you for becoming a member.

Show Comments

Extras

Top Quizzes Today


Score Distribution

Your Account Isn't Verified!

In order to create a playlist on Sporcle, you need to verify the email address you used during registration. Go to your Sporcle Settings to finish the process.

Report this User

Report this user for behavior that violates our Community Guidelines.

Details: